[Event "CRO-ch U11"]
[Site "Trogir"]
[Date "2019.06.19"]
[Round "5"]
[White "Pezer, Petar"]
[Black "Gal, Andrej"]
[Result "0-1"]
[WhiteElo "1273"]
[BlackElo "1697"]
[PlyCount "54"]
[EventDate "2019.06.17"]
[EventType "swiss"]
[EventRounds "9"]
[EventCountry "CRO"]
[SourceTitle "EXT 2020"]
[Source "ChessBase"]
[SourceDate "2019.10.17"]
[SourceVersion "1"]
[SourceVersionDate "2019.10.17"]
[SourceQuality "1"]

1. d4 Nf6 2. Nf3 g6 3. c4 Bg7 4. g3 0-0 5. Bg2 d6 6. 0-0 Nbd7 7. Nc3 e5 8. e3 c6 9. b3 Re8 10. Ba3 Qa5 11. Bb2 Qc7 12. Rc1 Nf8 13. Qe2 Bg4 14. h3 exd4 15. hxg4 dxc3 16. Bxc3 Nxg4 17. Bxg7 Kxg7 18. Nh4 Ne5 19. Qb2 Kg8 20. c5 Nd3 21. Qd2 Nxc1 22. cxd6 Ne2+ 23. Qxe2 Qxd6 24. Qg4 Qe6 25. Qxe6 Nxe6 26. Rd1 Rad8 27. Rxd8 Rxd8 0-1

[Event "CRO-ch U11"]
[Site "Trogir"]
[Date "2019.06.18"]
[Round "3"]
[White "Pezer, Petar"]
[Black "Ivancevic, Filip"]
[Result "1-0"]
[WhiteElo "1273"]
[BlackElo "1498"]
[PlyCount "63"]
[EventDate "2019.06.17"]
[EventType "swiss"]
[EventRounds "9"]
[EventCountry "CRO"]
[SourceTitle "EXT 2020"]
[Source "ChessBase"]
[SourceDate "2019.10.17"]
[SourceVersion "1"]
[SourceVersionDate "2019.10.17"]
[SourceQuality "1"]

1. d4 d5 2. c4 e6 3. Nf3 Nf6 4. g3 Be7 5. Bg2 c6 6. Bg5 0-0 7. 0-0 Ne4 8. Bxe7 Qxe7 9. Nc3 Nf6 10. b3 Nbd7 11. e3 b6 12. Qd3 Ba6 13. Nd2 Bb7 14. Rfe1 Rad8 15. Rac1 Qd6 16. e4 dxe4 17. Ndxe4 Qc7 18. Rcd1 Ne5 19. Nxf6+ gxf6 20. Qe2 Ng6 21. Ne4 f5 22. Nf6+ Kh8 23. Qh5 Kg7 24. Qg5 h6 25. Nh5+ Kh7 26. Qf6 Rg8 27. d5 cxd5 28. cxd5 Bxd5 29. Bxd5 Rxd5 30. Qb2 Rxd1 31. Rxd1 Rc8 32. Qg7# 1-0